16-bit microprocessor architecture /
Guardado en:
| Autor Principal: | |
|---|---|
| Formato: | Libro |
| Idioma: | English |
| Publicado: |
Reston, Va. :
Reston Pub. Co.,
c1979.
|
| Materias: | |
| Etiquetas: |
Agregar Etiqueta
Sin Etiquetas, Sea el primero en etiquetar este registro!
|
| LEADER | 00657pam a22002055a 4500 | ||
|---|---|---|---|
| 001 | EIQ.libpla003816 | ||
| 008 | 790613s1979####vauao#########001#0#eng#d | ||
| 005 | 20080325173228.0 | ||
| 245 | 1 | 0 | |a 16-bit microprocessor architecture / |c Terry Dollhoff. |
| 260 | |a Reston, Va. : |b Reston Pub. Co., |c c1979. | ||
| 300 | |a xii, 471 p. : |b il., fotos ; |c 24 cm. | ||
| 500 | |a Incluye índice. | ||
| 020 | |a 0835970019 | ||
| 100 | 1 | |a Dollhoff, Terry. | |
| 082 | 0 | 0 | |a 001.6/4/04 |
| 650 | 4 | |a Microprocesadores |x Arquitectura. | |
| 650 | 4 | |a Microprocessors |x Architectre. | |
| 010 | |a 79016406 | ||
| 040 | |a DLC |c DLC |d AR-BbSID | ||
| 859 | |a AR-BbSID |b BIB. PLAPIQUI |h 001.640 4 |i D 71 |p 3757 | ||
